Opportunities in emerging markets : Investing in the economies of tomorrow

Bibliographic Details
Main Author: Gaeta, Gordian
Format: Book
Language:English
Published: Singapore : John Wiley & Sons Singapore Pte. Ltd. , 2013
Subjects:

MARC

LEADER 00000cam a2200000 7i4500
001 0000025656
005 20141028.0
008 151014 si # eng
020 |a 9781118247174 ,   |c RM332.50 
040 |a INS 
090 0 0 |a HG5993   |b G34 2013 
100 1 |a Gaeta, Gordian 
245 1 0 |a Opportunities in emerging markets :   |b Investing in the economies of tomorrow   |c Gordien Gaeta 
260 |a Singapore :   |b John Wiley & Sons Singapore Pte. Ltd. ,   |c 2013 
300 |a xix,427p. ;   |c 23cm. 
500 |a Include index 
650 0 |a Investments, Foreign   |x Develop countries 
999 |a 1000001987   |b BOOK   |c Open Shelf   |e Default branch